Disney Channel: Name the Family - Statistics

General Stats
  • This quiz has been taken 116 times
  • The average score is 7 of 20
Answer Stats
Family Members Family (Last Name) % Correct
Sam, Jo, Matt, Lizzie McGuire
74%
Jerry, Teresa, Justin, Max, Alex Russo
66%
Emma, Luke, Ravi, Zuri Ross
61%
Bob, Amy, PJ, Teddy, Gabe, Charlie, Toby Duncan
58%
Karen, Pete, Liv, Maddie, Joey, Parker Rooney
54%
Robby, Jackson, Miley Stewart
52%
Carey, Zack, Cody Martin
48%
Ceila, Bex, Andi Mack
47%
Victor, Tanya, Raven, Cory Baxter
42%
Oscar, Trudy, Penny, BeBe, CeCe, Sugar Mama Proud
37%
Dr. Ann, Dr. James, Kim, Tim, Jim Possible
35%
Steve, Eileen, Donnie, Ren, Louis Stevens
33%
Lawrence, Ferb Fletcher
30%
Linda, Candace, Phineas Flynn
28%
Mable, Dipper Pines
21%
Lloyd, Barb, Phil, Pim Diffy
11%
Nick, Kevin, Joe, Frankie Lucas
9%
Jonathan, Susan, Haley, Jake Long
7%
Dick, Karen, Riley, Todd Daring
3%
Gwen, Marnie, Dylan, Sophie Piper
3%
No matching quizzes found
Score Distribution
Percent of People with Each Score
Percentile by Number Answered
Your Score History
You have not taken this quiz